00449nam a2200169Ia 4500003000400000005001700004008004100021020001800062040000900080082001800089100002000107245006000127250001200187260005700199300000900256650001400265OSt20200813132445.0190216s9999||||xx |||||||||||||| ||und|| a9788122424515 coclc a541.22bRED/S aReddy, K Veera  0aSymmetry And Spectroscopy Of Molecules /cK Veera Reddy a2nd Ed. bNew Age International Publishers,c2009.aNew Delhi: a631p aChemistry